Trabajo productivo reproductivo, pobreza y políticas de conciliación /
A la luz del análisis de los conceptos de trabajo productivo y reproductivo/remunerado y/ no remunerado examina la globalización de la reproducción cuyas consecuencias incluyen la pérdida de trabajo en los países del sur, la feminización de la emigración y el aumento de la demanda para la economía d...
Պահպանված է:
| Հիմնական հեղինակ: | |
|---|---|
| Ձևաչափ: | Տեքստ |
| Խորագրեր: | |
| Ցուցիչներ: |
Ավելացրեք ցուցիչ
Չկան պիտակներ, Եղեք առաջինը, ով նշում է այս գրառումը!
|
MARC
| LEADER | 00000 a a2200000 04500 | ||
|---|---|---|---|
| 001 | 10170 | ||
| 003 | |||
| 040 | |||
| 100 | |a Benría, Lourdes | ||
| 245 | |a Trabajo productivo reproductivo, pobreza y políticas de conciliación / |c Lourdes Benría | ||
| 520 | |a A la luz del análisis de los conceptos de trabajo productivo y reproductivo/remunerado y/ no remunerado examina la globalización de la reproducción cuyas consecuencias incluyen la pérdida de trabajo en los países del sur, la feminización de la emigración y el aumento de la demanda para la economía del cuidadado en los países inmigrantes. Estos procesos están cambiando las estructuras familiares y requieren políticas de conciliación que tengan en cuenta la informalización de los mercados y la pobreza en América Latina | ||
| 650 | |a TRABAJO DOMESTICO | ||
| 650 | |a SECTOR INFORMAL | ||
| 650 | |a ANALISIS DE GENERO | ||
| 650 | |a DESARROLLO HUMANO | ||
| 650 | |a POBREZA | ||
| 650 | |a POLITICA GUBERNAMENTAL | ||
| 650 | |a AMERICA LATINA | ||
| 773 | |g número 24; páginas 8-21 | ||
| 999 | |c 31233 |d 31233 | ||
